000
00251nam a22001217a 4500
008
170914b xxu||||| |||| 00| 0 eng d
041
_a
eng
080
_a
77
100
_a
44
101
_a
ART
245
_a
CAMERA AND LENS
_c
ADAMS,A
942
_2
udc
_c
BK
999
_c
27591
_d
27591